[Event "Titled Tuesday intern op 24th Aug"]
[Site "Chess.com INT"]
[Date "2021.08.24"]
[Round "3"]
[White "Jin, Ashton"]
[Black "Holt, Conrad"]
[Result "0-1"]
[WhiteElo "2074"]
[BlackElo "2549"]
[PlyCount "72"]
[EventDate "2021.08.24"]
[EventType "swiss (blitz)"]
[EventRounds "11"]
[EventCountry "USA"]
[SourceTitle "EXT 2022"]
[Source "ChessBase"]
[SourceDate "2021.10.06"]
[SourceVersion "1"]
[SourceVersionDate "2021.10.06"]
[SourceQuality "1"]

1. e4 e6 2. d4 d5 3. e5 c5 4. c3 Nc6 5. Nf3 Bd7 6. Be2 f6 7. exf6 Nxf6 8. 0-0 Bd6 9. dxc5 Bxc5 10. b4 Bd6 11. a3 Qc7 12. Nbd2 Ne5 13. Bb2 0-0 14. Nxe5 Bxe5 15. Nf3 Bf4 16. g3 Bd6 17. Rc1 b5 18. Nd4 a6 19. Bf3 e5 20. Nb3 Be6 21. Qd2 Rad8 22. Bg2 Kh8 23. Ra1 Qf7 24. Na5 Rc8 25. a4 Bd7 26. axb5 Bxb5 27. Rfd1 Ne4 28. Qxd5 Qxf2+ 29. Kh1 Nxg3+ 30. hxg3 Rf6 31. Bh3 Qxg3 32. Qg2 Qh4 33. c4 Rg6 34. Qf1 Rf8 35. Qxf8+ Bxf8 36. Rd3 Qe4+ 0-1

[Event "Titled Tuesday intern op 24th Aug"]
[Site "Chess.com INT"]
[Date "2021.08.24"]
[Round "1"]
[White "Jin, Ashton"]
[Black "Sevian, Samuel"]
[Result "0-1"]
[WhiteElo "2074"]
[BlackElo "2647"]
[PlyCount "90"]
[EventDate "2021.08.24"]
[EventType "swiss (blitz)"]
[EventRounds "11"]
[EventCountry "USA"]
[SourceTitle "EXT 2022"]
[Source "ChessBase"]
[SourceDate "2021.10.06"]
[SourceVersion "1"]
[SourceVersionDate "2021.10.06"]
[SourceQuality "1"]

1. d4 Nf6 2. c4 g6 3. g3 Bg7 4. Bg2 0-0 5. Nc3 Nc6 6. Nf3 a6 7. 0-0 Rb8 8. b3 b5 9. cxb5 axb5 10. Bb2 b4 11. Na4 Ba6 12. Re1 e6 13. e4 d5 14. Nc5 Bb5 15. e5 Nd7 16. Rc1 Re8 17. Bf1 Bxf1 18. Kxf1 Nxc5 19. Rxc5 Na7 20. Kg2 Bf8 21. Rc2 Nb5 22. h4 Ra8 23. Qa1 Ra6 24. Bc1 Nc3 25. Bd2 Ne4 26. Rec1 Qa8 27. Be1 Bh6 28. Rd1 Qb7 29. g4 Rea8 30. g5 Bf8 31. Qc1 c6 32. Qb2 c5 33. dxc5 Bxc5 34. Nd4 Rxa2 35. Qxa2 Rxa2 36. Rxa2 Nc3 37. Bxc3 bxc3 38. Rc2 Bxd4 39. Rxd4 Qxb3 40. Rc1 Qb2 41. Rdd1 c2 42. Re1 d4 43. h5 d3 44. h6 d2 45. Ra1 Qb7+ 0-1

[Event "Titled Tuesday intern op 24th Aug"]
[Site "Chess.com INT"]
[Date "2021.08.24"]
[Round "2"]
[White "Vifleemskaia, Svetlana"]
[Black "Jin, Ashton"]
[Result "0-1"]
[WhiteElo "1926"]
[BlackElo "2074"]
[PlyCount "74"]
[EventDate "2021.08.24"]
[EventType "swiss (blitz)"]
[EventRounds "11"]
[EventCountry "USA"]
[SourceTitle "EXT 2022"]
[Source "ChessBase"]
[SourceDate "2021.10.06"]
[SourceVersion "1"]
[SourceVersionDate "2021.10.06"]
[SourceQuality "1"]

1. d4 Nf6 2. c4 g6 3. Nc3 d5 4. cxd5 Nxd5 5. Bd2 Bg7 6. e4 Nxc3 7. Bxc3 c5 8. d5 Bxc3+ 9. bxc3 0-0 10. Qd2 Nd7 11. Nf3 Nf6 12. Bd3 e6 13. c4 b5 14. 0-0 bxc4 15. Bc2 exd5 16. exd5 Qxd5 17. Qc3 Ne4 18. Bxe4 Qxe4 19. Rac1 Qd3 20. Qxc4 Qxc4 21. Rxc4 Ba6 22. Rxc5 Bxf1 23. Kxf1 Rfc8 24. Ra5 Rab8 25. g4 Rc1+ 26. Kg2 Rc2 27. Rxa7 Rbb2 28. Kg3 Rxa2 29. Rb7 Rxf2 30. Ne5 Rg2+ 31. Kf4 Raf2+ 32. Ke3 Re2+ 33. Kd4 Ref2 34. h4 Rf4+ 35. Kd5 Rgxg4 36. Nxg4 Rxg4 37. h5 Rg5+ 0-1

[Event "Titled Tuesday intern op 11th Aug"]
[Site "Chess.com INT"]
[Date "2020.08.11"]
[Round "7"]
[White "Jin, Ashton"]
[Black "Kazarian, Anna Maja"]
[Result "1-0"]
[WhiteElo "2140"]
[BlackElo "2096"]
[PlyCount "59"]
[EventDate "2020.08.11"]
[EventType "swiss (blitz)"]
[EventRounds "10"]
[EventCountry "USA"]
[SourceTitle "CBM 197 Extra"]
[Source "ChessBase"]
[SourceDate "2020.09.30"]
[SourceVersion "1"]
[SourceVersionDate "2020.09.30"]
[SourceQuality "1"]

1. d4 d5 2. c4 c6 3. Nf3 Nf6 4. e3 e6 5. b3 Bd6 6. Bb2 Nbd7 7. Bd3 0-0 8. 0-0 Qc7 9. Nc3 b6 10. Qe2 e5 11. dxe5 Nxe5 12. Nxe5 Bxe5 13. h3 Be6 14. Rac1 d4 15. exd4 Bxd4 16. Nb5 cxb5 17. Bxd4 bxc4 18. bxc4 Ne8 19. Be5 Qe7 20. Rfd1 Rd8 21. Bg3 g6 22. Be4 Ng7 23. Bd5 Qg5 24. Qf3 Bxd5 25. cxd5 Nf5 26. Bf4 Qf6 27. Rc7 Rfe8 28. Kh1 Nd4 29. Qg4 Rxd5 30. Be3 1-0

[Event "Titled Tuesday intern op 11th Aug"]
[Site "Chess.com INT"]
[Date "2020.08.11"]
[Round "2"]
[White "Jin, Ashton"]
[Black "Shahade, Gregory P"]
[Result "0-1"]
[WhiteElo "2140"]
[BlackElo "2476"]
[PlyCount "62"]
[EventDate "2020.08.11"]
[EventType "swiss (blitz)"]
[EventRounds "10"]
[EventCountry "USA"]
[SourceTitle "CBM 197 Extra"]
[Source "ChessBase"]
[SourceDate "2020.09.30"]
[SourceVersion "1"]
[SourceVersionDate "2020.09.30"]
[SourceQuality "1"]

1. d4 Nf6 2. c4 g6 3. g3 Bg7 4. Bg2 d5 5. cxd5 Nxd5 6. Nf3 Nb6 7. Nc3 Nc6 8. e3 0-0 9. 0-0 Re8 10. Nh4 e5 11. d5 Nb4 12. Qb3 Nd3 13. Rd1 e4 14. Nxe4 Nxc1 15. Raxc1 Bg4 16. Rd2 g5 17. d6 c6 18. d7 Nxd7 19. Nd6 Be6 20. Qxb7 gxh4 21. Bxc6 Rb8 22. Qxa7 Rf8 23. Ne4 Qb6 24. Rxd7 Bxd7 25. Qxd7 Qxb2 26. Rd1 hxg3 27. Nxg3 Qf6 28. Qg4 Qxc6 29. Nf5 Qf6 30. Rd6 Qa1+ 31. Kg2 Kh8 0-1

[Event "Titled Tuesday intern op 4th Aug 10am"]
[Site "Chess.com INT"]
[Date "2020.08.04"]
[Round "5"]
[White "Fernandez Siles, Luis"]
[Black "Jin, Ashton"]
[Result "0-1"]
[WhiteElo "2256"]
[BlackElo "2140"]
[PlyCount "56"]
[EventDate "2020.08.04"]
[EventType "swiss (blitz)"]
[EventRounds "10"]
[EventCountry "USA"]
[SourceTitle "CBM 197 Extra"]
[Source "ChessBase"]
[SourceDate "2020.09.30"]
[SourceVersion "1"]
[SourceVersionDate "2020.09.30"]
[SourceQuality "1"]

1. e4 e5 2. Nf3 Nc6 3. Bc4 Bc5 4. 0-0 Nf6 5. d4 Bxd4 6. Nxd4 Nxd4 7. Bg5 d6 8. f4 h6 9. Bh4 Be6 10. Na3 Qd7 11. c3 Nc6 12. Qf3 exf4 13. Qxf4 0-0-0 14. Bxf6 gxf6 15. Qxf6 Rhg8 16. Qxh6 Rg6 17. Qh5 Rdg8 18. g3 Ne5 19. Bxe6 Qxe6 20. Qf5 Nd3 21. Nc4 Kb8 22. Qxe6 fxe6 23. Rad1 Nc5 24. e5 d5 25. Nd2 Nd3 26. Nf3 Nxb2 27. Rd4 Nc4 28. Rf4 b5 0-1

[Event "Titled Tuesday intern op 4th Aug 10am"]
[Site "Chess.com INT"]
[Date "2020.08.04"]
[Round "3"]
[White "Jin, Ashton"]
[Black "Kujawski, Adam"]
[Result "1-0"]
[WhiteElo "2140"]
[BlackElo "2201"]
[PlyCount "51"]
[EventDate "2020.08.04"]
[EventType "swiss (blitz)"]
[EventRounds "10"]
[EventCountry "USA"]
[SourceTitle "CBM 197 Extra"]
[Source "ChessBase"]
[SourceDate "2020.09.30"]
[SourceVersion "1"]
[SourceVersionDate "2020.09.30"]
[SourceQuality "1"]

1. d4 Nf6 2. c4 c5 3. d5 e6 4. Nc3 exd5 5. cxd5 d6 6. g3 g6 7. Bg2 Bg7 8. Nf3 0-0 9. 0-0 a6 10. a4 Re8 11. Bf4 Nh5 12. Bg5 Qc7 13. Qd2 Nd7 14. Rfc1 Qa5 15. Qc2 Ne5 16. Nd2 Bf5 17. e4 Bd7 18. h3 f5 19. exf5 Bxf5 20. Qb3 Bd3 21. Nde4 Bc4 22. Qc2 Bd3 23. Qd2 Qc7 24. g4 Bxe4 25. Nxe4 Nc4 26. Rxc4 1-0

[Event "Titled Tuesday intern op 4th Aug 2pm"]
[Site "Chess.com INT"]
[Date "2020.08.04"]
[Round "10"]
[White "Tomiello, Mateus Costamilan"]
[Black "Jin, Ashton"]
[Result "1-0"]
[WhiteElo "1969"]
[BlackElo "2140"]
[PlyCount "79"]
[EventDate "2020.08.04"]
[EventType "swiss (blitz)"]
[EventRounds "10"]
[EventCountry "USA"]
[SourceTitle "CBM 197 Extra"]
[Source "ChessBase"]
[SourceDate "2020.09.30"]
[SourceVersion "1"]
[SourceVersionDate "2020.09.30"]
[SourceQuality "1"]

1. e4 e5 2. Nf3 Nc6 3. Bb5 a6 4. Ba4 Nf6 5. 0-0 Be7 6. Re1 b5 7. Bb3 d6 8. c3 0-0 9. h3 Nb8 10. d4 Nbd7 11. Nbd2 Bb7 12. Bc2 Re8 13. Nf1 Bf8 14. Ng3 g6 15. a4 c5 16. Bd3 exd4 17. cxd4 c4 18. Bc2 Bg7 19. Bf4 Nf8 20. d5 Qb6 21. a5 Qc7 22. Nd4 N8d7 23. Qd2 Nc5 24. Bh6 Re7 25. Ngf5 gxf5 26. Nxf5 Ne8 27. Bxg7 Nxg7 28. Qg5 f6 29. Nh6+ Kh8 30. Qxf6 Rae8 31. e5 Nd7 32. Qh4 Nh5 33. Qxh5 Nxe5 34. f4 Ng6 35. Rxe7 Rxe7 36. Bxg6 hxg6 37. Qxg6 Rg7 38. Qe8+ Kh7 39. Nf5 Rg8 40. Qh5# 1-0

[Event "Titled Tuesday intern op 14th July"]
[Site "Chess.com INT"]
[Date "2020.07.14"]
[Round "4"]
[White "Chernobay, Artem"]
[Black "Jin, Ashton"]
[Result "1-0"]
[WhiteElo "2490"]
[BlackElo "2140"]
[PlyCount "59"]
[EventDate "2020.07.14"]
[EventType "swiss (blitz)"]
[EventRounds "10"]
[EventCountry "USA"]
[SourceTitle "CBM 197 Extra"]
[Source "ChessBase"]
[SourceDate "2020.09.30"]
[SourceVersion "1"]
[SourceVersionDate "2020.09.30"]
[SourceQuality "1"]

1. d4 Nf6 2. c4 e6 3. Nf3 d5 4. g3 dxc4 5. Bg2 a6 6. 0-0 Nc6 7. b3 cxb3 8. axb3 Bd7 9. Bg5 Be7 10. Nc3 h6 11. Bxf6 Bxf6 12. Ne4 Be7 13. Rc1 0-0 14. Nc5 Bxc5 15. Rxc5 Qe7 16. Qc1 Qd6 17. Rd1 Rfc8 18. d5 Nd8 19. dxe6 Qxe6 20. Rxc7 Bc6 21. Nd4 Qe5 22. Rxc8 Rxc8 23. Nxc6 Nxc6 24. e3 Qe6 25. Bd5 Qe7 26. h4 Rd8 27. Qc4 Ne5 28. Qe4 b5 29. f4 Ng6 30. Qxe7 1-0

[Event "Titled Tuesday intern op 21st April"]
[Site "Chess.com INT"]
[Date "2020.04.21"]
[Round "1"]
[White "Laurusas, Tomas"]
[Black "Jin, Ashton"]
[Result "1-0"]
[WhiteElo "2511"]
[BlackElo "2140"]
[PlyCount "83"]
[EventDate "2020.04.21"]
[EventType "swiss (blitz)"]
[EventRounds "10"]
[EventCountry "USA"]
[SourceTitle "EXT 2021"]
[Source "ChessBase"]
[SourceDate "2020.10.23"]
[SourceVersion "1"]
[SourceVersionDate "2020.10.23"]
[SourceQuality "1"]

1. d4 Nf6 2. c4 e6 3. Nf3 d5 4. Nc3 Bb4 5. cxd5 exd5 6. Bg5 h6 7. Bxf6 Qxf6 8. Qa4+ Nc6 9. e3 0-0 10. Rc1 Qg6 11. Qd1 Be6 12. a3 Be7 13. h3 a6 14. Bd3 Qh5 15. Ne2 Bd6 16. Bb1 Rae8 17. Qd3 f5 18. 0-0 Rf7 19. Nf4 Bxf4 20. exf4 Bd7 21. Ba2 Be6 22. Rfe1 Rd7 23. Qb3 Nd8 24. Qb4 c6 25. Re3 Nf7 26. Rce1 Rde7 27. Bb1 Kh8 28. Bc2 Kg8 29. Bd1 Qg6 30. Bc2 Qf6 31. a4 Kh8 32. Qc5 Kg8 33. b4 Kh8 34. Bd3 Kg8 35. b5 axb5 36. axb5 cxb5 37. Bxb5 Rd8 38. Qb6 Rd6 39. Qc5 Rd8 40. Ba4 Nd6 41. Qb6 Rf8 42. Qxd6 1-0

[Event "Titled Tuesday intern op 3rd Sept"]
[Site "Chess.com INT"]
[Date "2019.09.03"]
[Round "4"]
[White "Jin, Ashton"]
[Black "Garcia Ramos, Daniel"]
[Result "1-0"]
[WhiteElo "2115"]
[BlackElo "2348"]
[PlyCount "71"]
[EventDate "2019.09.03"]
[EventType "swiss (blitz)"]
[EventRounds "10"]
[EventCountry "USA"]
[SourceTitle "EXT 2021"]
[Source "ChessBase"]
[SourceDate "2020.10.23"]
[SourceVersion "1"]
[SourceVersionDate "2020.10.23"]
[SourceQuality "1"]

1. d4 Nf6 2. c4 e6 3. g3 d5 4. Nf3 Be7 5. Bg2 0-0 6. 0-0 dxc4 7. Qc2 a6 8. a4 Bd7 9. Qxc4 Bc6 10. Bf4 Nbd7 11. Nc3 Nb6 12. Qd3 Nbd5 13. Nxd5 Bxd5 14. Ne5 Bxg2 15. Kxg2 Qd5+ 16. f3 Rfd8 17. Rfd1 c5 18. dxc5 Qxc5 19. Qb3 g5 20. Rac1 Qa5 21. Nc4 Qf5 22. Ne3 Qa5 23. Bc7 Rxd1 24. Qxb7 Re8 25. Bxa5 Rxc1 26. Qxa6 Bc5 27. Bd2 Rb1 28. Qb5 Bd4 29. Ng4 Nd5 30. Qxe8+ Kg7 31. e3 Bxb2 32. e4 Nb6 33. Bxg5 Bd4 34. Bh6+ Kg6 35. Qg8+ Kh5 36. Qg5# 1-0

[Event "US Masters op"]
[Site "Greensboro"]
[Date "2019.08.25"]
[Round "8"]
[White "Jin, Ashton"]
[Black "Fischer, Robert"]
[Result "1/2-1/2"]
[WhiteElo "2115"]
[BlackElo "1874"]
[PlyCount "71"]
[EventDate "2019.08.21"]
[EventType "swiss"]
[EventRounds "9"]
[EventCountry "USA"]
[SourceTitle "EXT 2020"]
[Source "ChessBase"]
[SourceDate "2019.10.17"]
[SourceVersion "1"]
[SourceVersionDate "2019.10.17"]
[SourceQuality "1"]

1. d4 d5 2. c4 e6 3. Nf3 Nf6 4. g3 c5 5. cxd5 exd5 6. Bg2 Nc6 7. 0-0 Be7 8. dxc5 Bxc5 9. Qc2 Bb6 10. Nc3 Be6 11. Na4 0-0 12. Nxb6 Qxb6 13. Bg5 Ne4 14. Be3 Qa6 15. b3 Rac8 16. Qb2 Bg4 17. Rac1 Bxf3 18. Bxf3 Rfe8 19. Rfd1 Rcd8 20. b4 Qb5 21. a3 Ne5 22. Bxe4 dxe4 23. Rxd8 Rxd8 24. Rc5 Nf3+ 25. Kg2 Ne1+ 26. Kf1 Qd7 27. Bd4 Nf3 28. exf3 exf3 29. Qc3 h6 30. Qxf3 Qxd4 31. Kg2 Rd7 32. h4 g6 33. Rc8+ Kg7 34. Qc3 Qxc3 35. Rxc3 h5 36. Kf3 1/2-1/2

[Event "US Masters op"]
[Site "Greensboro"]
[Date "2019.08.22"]
[Round "2"]
[White "Guo, Arthur"]
[Black "Jin, Ashton"]
[Result "1-0"]
[WhiteElo "2346"]
[BlackElo "2115"]
[PlyCount "75"]
[EventDate "2019.08.21"]
[EventType "swiss"]
[EventRounds "9"]
[EventCountry "USA"]
[SourceTitle "EXT 2020"]
[Source "ChessBase"]
[SourceDate "2019.10.17"]
[SourceVersion "1"]
[SourceVersionDate "2019.10.17"]
[SourceQuality "1"]

1. e4 e5 2. Nf3 Nc6 3. Bb5 a6 4. Ba4 Nf6 5. 0-0 Be7 6. d3 b5 7. Bb3 d6 8. a4 Bd7 9. c3 0-0 10. Bc2 Re8 11. Re1 h6 12. Nbd2 Bf8 13. Nf1 d5 14. Ng3 d4 15. cxd4 exd4 16. h3 Be6 17. Ne2 g5 18. axb5 axb5 19. Rxa8 Qxa8 20. Nfxd4 Nxd4 21. Nxd4 Bd7 22. Qf3 Qa6 23. Nf5 Qe6 24. Bd2 Kh8 25. d4 Qc6 26. Bc3 b4 27. d5 Qb6 28. Bd4 c5 29. dxc6 Qxc6 30. Bb3 Kg8 31. Nxh6+ Bxh6 32. Qxf6 Qxf6 33. Bxf6 Bg7 34. Bxg7 Kxg7 35. Rd1 Bc6 36. f3 f5 37. Rd6 Ba8 38. exf5 1-0

[Event "US Masters op"]
[Site "Greensboro"]
[Date "2019.08.21"]
[Round "1"]
[White "Yoo, Christopher Woojin"]
[Black "Jin, Ashton"]
[Result "1-0"]
[WhiteElo "2429"]
[BlackElo "2115"]
[PlyCount "83"]
[EventDate "2019.08.21"]
[EventType "swiss"]
[EventRounds "9"]
[EventCountry "USA"]
[SourceTitle "EXT 2020"]
[Source "ChessBase"]
[SourceDate "2019.10.17"]
[SourceVersion "1"]
[SourceVersionDate "2019.10.17"]
[SourceQuality "1"]

1. e4 e5 2. Nf3 Nc6 3. Bb5 a6 4. Ba4 Nf6 5. 0-0 Be7 6. d3 b5 7. Bb3 d6 8. a4 Bd7 9. c3 0-0 10. Bc2 Re8 11. Re1 h6 12. Nbd2 Bf8 13. Nf1 Ne7 14. Ng3 Ng6 15. d4 Qc8 16. axb5 axb5 17. Rxa8 Qxa8 18. dxe5 dxe5 19. Nh5 Qc8 20. Nxf6+ gxf6 21. h3 Kh7 22. Nh2 Bg7 23. Qh5 Rg8 24. Bb3 Be6 25. Bxe6 Qxe6 26. Bxh6 Rh8 27. Be3+ Kg8 28. Qe2 c6 29. Nf1 f5 30. exf5 Qxf5 31. Ng3 Qe6 32. Qc2 Nh4 33. Bg5 Qg6 34. Qxg6 Nxg6 35. Rd1 f6 36. Rd6 Kf7 37. Ne4 fxg5 38. Nxg5+ Kf8 39. Rxg6 Rh6 40. Re6 Kg8 41. Re8+ Bf8 42. Rxe5 1-0

[Event "US Open-120"]
[Site "Orlando"]
[Date "2019.08.09"]
[Round "6"]
[White "Paul, Justin"]
[Black "Jin, Ashton"]
[Result "1-0"]
[WhiteElo "2211"]
[BlackElo "2115"]
[PlyCount "83"]
[EventDate "2019.08.03"]
[EventType "swiss"]
[EventRounds "9"]
[EventCountry "USA"]
[SourceTitle "CBM 191 Extra"]
[Source "ChessBase"]
[SourceDate "2019.09.30"]
[SourceVersion "1"]
[SourceVersionDate "2019.09.30"]
[SourceQuality "1"]

1. e4 e5 2. Nf3 Nc6 3. Bb5 a6 4. Ba4 Nf6 5. 0-0 Be7 6. Re1 b5 7. Bb3 d6 8. c3 0-0 9. h3 Nb8 10. d4 Nbd7 11. Nbd2 Bb7 12. Bc2 Re8 13. Nf1 Bf8 14. Ng3 g6 15. Bg5 h6 16. Bd2 Bg7 17. Bd3 Nb6 18. Qc2 Rc8 19. Rad1 Nfd7 20. Qc1 Kh7 21. Be3 exd4 22. Bxd4 Bxd4 23. Nxd4 d5 24. Bc2 Qf6 25. Nf3 Re7 26. Nh5 Qh8 27. e5 Kg8 28. e6 Nf8 29. exf7+ Rxf7 30. Ne5 gxh5 31. Nxf7 Kxf7 32. Rd3 d4 33. Rxd4 Ne6 34. Bb3 Nc4 35. Bxc4 bxc4 36. Rd7+ Ke8 37. Rdd1 Qg8 38. g3 Qg6 39. Rxe6+ Qxe6 40. Re1 Be4 41. Qf4 Kd7 42. Rxe4 1-0

[Event "US Open-120"]
[Site "Orlando"]
[Date "2019.08.08"]
[Round "4"]
[White "Singh, Hersh"]
[Black "Jin, Ashton"]
[Result "0-1"]
[WhiteElo "1920"]
[BlackElo "2115"]
[PlyCount "88"]
[EventDate "2019.08.03"]
[EventType "swiss"]
[EventRounds "9"]
[EventCountry "USA"]
[SourceTitle "CBM 191 Extra"]
[Source "ChessBase"]
[SourceDate "2019.09.30"]
[SourceVersion "1"]
[SourceVersionDate "2019.09.30"]
[SourceQuality "1"]

1. d4 Nf6 2. c4 e6 3. Nc3 Bb4 4. e3 0-0 5. Bd3 d5 6. a3 Bxc3+ 7. bxc3 dxc4 8. Bxc4 c5 9. Nf3 Qc7 10. Be2 Rd8 11. 0-0 Nc6 12. Qc2 e5 13. dxe5 Nxe5 14. c4 Nfg4 15. g3 Qc6 16. Nxe5 Nxe5 17. f4 Bh3 18. Rf2 Ng4 19. Bf3 Qf6 20. Bb2 Qe7 21. Re2 Nf6 22. Qc3 Rd7 23. e4 Rad8 24. e5 Ne8 25. Be4 Bg4 26. Re3 b6 27. Rae1 Nc7 28. f5 Qg5 29. h4 Qh5 30. Rf1 Rd4 31. Bc2 Be2 32. Rf2 Bxc4 33. Ref3 Bd5 34. Rf4 Bc6 35. Rxd4 Rxd4 36. e6 Rg4 37. Qe5 Ne8 38. Rh2 f6 39. Qe3 Kh8 40. Bc3 Rc4 41. Rd2 b5 42. Bb2 Rxc2 43. e7 Rxd2 44. Qxd2 Qf3 0-1

[Event "Titled Tuesday intern op 2nd April"]
[Site "Chess.com INT"]
[Date "2019.04.02"]
[Round "7"]
[White "Jin, Ashton"]
[Black "Nebolsina, Vera"]
[Result "1-0"]
[WhiteElo "2077"]
[BlackElo "2242"]
[PlyCount "67"]
[EventDate "2019.04.02"]
[EventType "swiss (blitz)"]
[EventRounds "10"]
[EventCountry "USA"]
[SourceTitle "EXT 2021"]
[Source "ChessBase"]
[SourceDate "2020.10.23"]
[SourceVersion "1"]
[SourceVersionDate "2020.10.23"]
[SourceQuality "1"]

1. d4 Nf6 2. c4 g6 3. g3 Bg7 4. Bg2 0-0 5. Nc3 d6 6. Nf3 Nc6 7. 0-0 e5 8. d5 Nb8 9. e4 a5 10. Ne1 Na6 11. Nd3 Nd7 12. a3 Nac5 13. Rb1 Nxd3 14. Qxd3 Nc5 15. Qc2 a4 16. Be3 Bd7 17. f4 exf4 18. gxf4 Nb3 19. Rbd1 Qh4 20. Qf2 Qxf2+ 21. Rxf2 Bxc3 22. bxc3 b6 23. e5 dxe5 24. fxe5 Rae8 25. Bf4 Bc8 26. d6 cxd6 27. exd6 Bd7 28. Bg5 Re5 29. Be7 Rc8 30. Bd5 Rf5 31. Re1 Nc5 32. Rxf5 Bxf5 33. Bf6 Nd7 34. Bd4 1-0

[Event "Titled Tuesday intern op 2nd April"]
[Site "Chess.com INT"]
[Date "2019.04.02"]
[Round "5"]
[White "Jin, Ashton"]
[Black "Vlachos, Anatole"]
[Result "0-1"]
[WhiteElo "2077"]
[BlackElo "2405"]
[PlyCount "72"]
[EventDate "2019.04.02"]
[EventType "swiss (blitz)"]
[EventRounds "10"]
[EventCountry "USA"]
[SourceTitle "EXT 2021"]
[Source "ChessBase"]
[SourceDate "2020.10.23"]
[SourceVersion "1"]
[SourceVersionDate "2020.10.23"]
[SourceQuality "1"]

1. d4 f5 2. Nc3 Nf6 3. Bg5 d5 4. Bxf6 exf6 5. e3 c6 6. Bd3 Bd6 7. Qf3 g6 8. Nge2 Nd7 9. h4 h5 10. Nf4 Nf8 11. 0-0-0 Kf7 12. Rh3 a5 13. Rhh1 a4 14. a3 b5 15. Ncxd5 cxd5 16. Qxd5+ Be6 17. Nxe6 Nxe6 18. Bxb5 Ra5 19. Qc4 Qc8 20. Qxc8 Rxc8 21. Bd3 Ra7 22. f3 Rb8 23. c3 Kg7 24. Rhg1 Rab7 25. g4 Rxb2 26. Bc2 Bxa3 27. gxf5 Nf8 28. fxg6 Ra2+ 29. Kd2 Rbb2 30. Rc1 Nd7 31. e4 Nb6 32. Kd3 Bd6 33. Rg2 a3 34. Re2 Bf4 35. Rb1 Na4 36. Rxb2 Nxb2# 0-1

[Event "Wisconsin Int"]
[Site "Madison"]
[Date "2017.06.13"]
[Round "1"]
[White "Jin, Ashton"]
[Black "Peng, David T"]
[Result "1/2-1/2"]
[WhiteElo "1716"]
[BlackElo "2254"]
[PlyCount "48"]
[EventDate "2017.06.13"]
[EventType "swiss"]
[EventRounds "9"]
[EventCountry "USA"]
[SourceTitle "CBM 179 Extra"]
[Source "ChessBase"]
[SourceDate "2017.08.23"]
[SourceVersion "1"]
[SourceVersionDate "2017.08.23"]
[SourceQuality "1"]

1. d4 Nf6 2. c4 g6 3. g3 Bg7 4. Bg2 d5 5. cxd5 Nxd5 6. Nf3 Nc6 7. 0-0 Nb6 8. e3 0-0 9. Nc3 Re8 10. Qe2 a5 11. h3 a4 12. Rd1 Bd7 13. e4 Qc8 14. Kh2 e5 15. dxe5 Nxe5 16. Nxe5 Rxe5 17. f4 Re8 18. Qd3 Be6 19. Qc2 Ra5 20. Be3 Nc4 21. Bf2 Rh5 22. h4 Bg4 23. Rd3 Ra5 24. Re1 b5 1/2-1/2